00599nam a22001697a 450000500170000001000150001702000270003203500140005903700090007308200140008210000160009624500920011226001010020427000700030530000340037570000200040920240718143437.0 aENG-140888 a9789394915381c1680.00 aEN-124420 bDBAD a355.0721 aShivane, AB00aProfessional Military Education: bMaking of The 21st Century Warrior/cBy AB Shivane,  aNew DelhibKW Publishers KW Publishers in association with Centre for Land Warfare Studiesc2023 a4676/21, First Floor, Ansari Road, Daryaganj, bNew Delhie110002 axxviii,225p.c24cm(Hb)bIndex aKanwal, Gurmeet